000 01363cam a2200409 a 4500
001 4324
003 FISKH
005 20250205152143.0
008 950718s1996 nyua b 000 1 eng
010 _a 95035513
020 _a0679866957 (trade)
020 _a9780439130752
020 _a0679966951 (glb)
040 _aDLC
_cDLC
_dDLC
_beng
042 _alcac
050 0 0 _aPZ7.P2197
082 _a813.54
100 1 _aPark, Barbara.
245 1 0 _aJunie B. Jones and that meanie Jim's birthday /
_cby Barbara Park ; illustrated by Denise Brunkus.
250 _aFirst Scholastic printing, October 1999
260 _aNew York :
_bScholastic,
_c1996.
300 _a85 pages :
_billustrations ;
_c20 cm
490 1 _aThe Junie B. Jones series ;
_vBook 6
500 _a"A First stepping stone book."
505 _aK
520 _aJunie B is very upset when a boy in her class plans to invite everyone except her to his birthday party, but her grandfather helps her deal with the situation.
521 _a510
_bLexile
521 _aK
_bRaz-Plus
650 1 _aKindergarten
_xFiction.
650 1 _aSchools
_xFiction.
650 1 _aBehavior
_xFiction.
650 1 _aGrandfathers
_xFiction.
700 1 _aBrunkus, Denise,
_eillustrator
906 _a7
_bcbc
_corignew
_d1
_eocip
_f19
_gy-gencatlg
942 _2ddc
_cBK
_n0
999 _c4324
_d4324